जन शक्ति (Record no. 1012766)
[ view plain ]
| 000 -LEADER | |
|---|---|
| fixed length control field | 01149nam a2200265Ia 4500 |
| 003 - CONTROL NUMBER IDENTIFIER | |
| control field | OSt |
| 005 - DATE AND TIME OF LATEST TRANSACTION | |
| control field | 20221005104445.0 |
| 008 - FIXED-LENGTH DATA ELEMENTS--GENERAL INFORMATION | |
| fixed length control field | 221004b |||||||| |||| 00| 0 hin d |
| 020 ## - INTERNATIONAL STANDARD BOOK NUMBER | |
| International Standard Book Number | 9788178311623 (hbk) |
| 037 ## - SOURCE OF ACQUISITION | |
| Terms of availability | Textual |
| 040 ## - CATALOGING SOURCE | |
| Original cataloging agency | CRL |
| Transcribing agency | CRL |
| Language of cataloging | hin |
| 041 ## - LANGUAGE CODE | |
| Source of code | hin |
| Language code of text/sound track or separate title | hin |
| 100 ## - MAIN ENTRY--PERSONAL NAME | |
| Personal name | लुईस, प्रकाश |
| 245 #0 - TITLE STATEMENT | |
| Title | जन शक्ति |
| Remainder of title | मध्य बिहार में नक्सलवादी आंदोलन |
| 246 ## - VARYING FORM OF TITLE | |
| Title proper/short title | Jan shakti: madhya bihār mean naksalavādī āandolana |
| 260 ## - PUBLICATION, DISTRIBUTION, ETC. | |
| Place of publication, distribution, etc. | दिल्ली |
| Name of publisher, distributor, etc. | मानक पब्लिकेशन्स प्रा. लि. भारत |
| Date of publication, distribution, etc. | 2008 |
| 300 ## - PHYSICAL DESCRIPTION | |
| Extent | 310पृ0 |
| Dimensions | cm. |
| 700 ## - ADDED ENTRY--PERSONAL NAME | |
| Personal name | राम कविन्द्र सिंह, अनु. |
| 9 (RLIN) | 558543 |
| 942 ## - ADDED ENTRY ELEMENTS (KOHA) | |
| Classification part | X:3M24xM3.273, 152P8 |
| Koha item type | Textual |
| Source of classification or shelving scheme | |
| Withdrawn status | Lost status | Damaged status | Not for loan | Home library | Current library | Date acquired | Source of acquisition | Cost, normal purchase price | Total Checkouts | Full call number | Barcode | Date due | Date last seen | Date last checked out | Cost, replacement price | Price effective from | Koha item type |
|---|---|---|---|---|---|---|---|---|---|---|---|---|---|---|---|---|---|
| Central Library | Arts Library | 2022-10-05 | 463, 22/12/2008, Eastern Book Linkers | 500.00 | 1 | X:3M24xM3.273 152P8 | AL1342587 | 2025-12-06 | 2025-11-06 | 2025-11-06 | 500.00 | 2022-10-05 | Textual |
